[Event "Open d'Avoine 2017"]
[Site "Avoine"]
[Date "2017.07.22"]
[Round "1.30"]
[White "Taille, Jean-Yves"]
[Black "Meunier-Pion, Jean"]
[Result "1/2-1/2"]
[WhiteElo "1977"]
[BlackElo "2213"]
[PlyCount "139"]
[EventDate "2017.??.??"]

1. e4 c5 2. Nf3 d6 3. d4 cxd4 4. Nxd4 Nf6 5. Nc3 a6 6. Bc4 e6 7. Bb3 Nbd7 8. f4
Qc7 9. f5 Nc5 10. fxe6 fxe6 11. O-O Be7 12. Be3 O-O 13. Qf3 b5 14. Qh3 Qd7 15.
e5 dxe5 16. Nf5 Nxb3 17. Nxe7+ Qxe7 18. axb3 Bb7 19. Qg3 Rac8 20. Rac1 Qc7 21.
b4 Qc6 22. Bc5 Nh5 23. Qg4 Rf4 24. Rxf4 Nxf4 25. Re1 h5 26. Qg5 Rc7 27. Ne4 Rf7
28. Qxe5 Rf5 29. Qd6 Qe8 30. Ng3 Rf6 31. Bd4 e5 32. Qxe5 Qc6 33. Qe8+ Rf8 34.
Qxc6 Bxc6 35. Re7 Rd8 36. Bc3 Rd7 37. Rxd7 Bxd7 38. Be5 Ng6 39. Bd4 Nf4 40. Kf2
Bc6 41. Nf5 Be4 42. Ne3 Kf7 43. h4 g6 44. Be5 Ne6 45. b3 Nd8 46. c4 Ke6 47. Bc3
Nc6 48. g3 Bd3 49. Kf3 Ne5+ 50. Kf4 Nc6 51. cxb5 axb5 52. g4 Ne7 53. gxh5 gxh5
54. Kg5 Be2 55. Bd4 Nc6 56. Bc3 Nd8 57. Nf5 Nf7+ 58. Kf4 Kd5 59. Ne3+ Ke6 60.
Nf5 Kd7 61. Ne3 Bd3 62. Nf5 Kc6 63. Ne7+ Kd6 64. Nf5+ Kd5 65. Ng3 Bg6 66. Nf5
Bh7 67. Ng7 Bg6 68. Nf5 Bh7 69. Ng7 Bg6 70. Nf5 1/2-1/2

[Event "Open d'Avoine 2017"]
[Site "Avoine"]
[Date "2017.07.22"]
[Round "1.31"]
[White "Bouget, Alexandre"]
[Black "Testa, Stephane"]
[Result "1-0"]
[WhiteElo "2210"]
[BlackElo "1976"]
[PlyCount "57"]
[EventDate "2017.??.??"]

1. d4 Nf6 2. c4 e6 3. Nc3 Bb4 4. a3 Bxc3+ 5. bxc3 c5 6. f3 d5 7. cxd5 exd5 8.
e3 c4 9. Qc2 O-O 10. Be2 Re8 11. Bd1 Nc6 12. Ne2 g6 13. Ng3 h5 14. O-O h4 15.
Nh1 Bf5 16. Qf2 Bd3 17. Be2 Bxe2 18. Qxe2 Na5 19. Nf2 Nb3 20. Rb1 Rc8 21. Qc2
Qe7 22. Re1 Nxc1 23. Qxc1 Rc6 24. e4 dxe4 25. fxe4 Re6 26. e5 Nd5 27. Ne4 Rc6
28. Qh6 g5 29. Nf6+ 1-0

[Event "Open d'Avoine 2017"]
[Site "Avoine"]
[Date "2017.07.22"]
[Round "1.32"]
[White "Dupont, Arthur"]
[Black "Ribeiro, Romain"]
[Result "1-0"]
[WhiteElo "1972"]
[BlackElo "2200"]
[PlyCount "53"]
[EventDate "2017.??.??"]

1. d4 Nf6 2. c4 c5 3. e3 cxd4 4. exd4 d5 5. Nf3 Nc6 6. Nc3 Bg4 7. Be3 e6 8. Be2
Be7 9. Qb3 O-O 10. cxd5 Na5 11. Qa4 Nxd5 12. h3 Bh5 13. g4 Bg6 14. Ne5 Nxe3 15.
fxe3 Bh4+ 16. Kf1 Rc8 17. Kg2 Bg5 18. h4 Bxe3 19. h5 f6 20. Nxg6 hxg6 21. Rh3
Bh6 22. hxg6 Qb6 23. d5 exd5 24. Nxd5 Qxb2 25. Ne7+ Kh8 26. Qe4 Qc2 27. Qe3 1-0

[Event "Open d'Avoine 2017"]
[Site "Avoine"]
[Date "2017.07.22"]
[Round "1.33"]
[White "Eugene, Floryan"]
[Black "Grimmer, Jonathan"]
[Result "1/2-1/2"]
[WhiteElo "2193"]
[BlackElo "1970"]
[PlyCount "66"]
[EventDate "2017.??.??"]

1. e4 e5 2. Nf3 d6 3. Bc4 Be7 4. O-O Nf6 5. d3 Bg4 6. Nbd2 O-O 7. h3 Bh5 8. Re1
c6 9. Bb3 Nbd7 10. Nf1 Nc5 11. Ng3 Bg6 12. Nh4 a5 13. c3 Nxb3 14. Qxb3 Nd7 15.
Nxg6 hxg6 16. Qxb7 Rc8 17. Qb3 Bh4 18. Nf1 Rb8 19. Qc2 f5 20. g3 f4 21. g4 Kf7
22. Nh2 Rh8 23. Kg2 Nc5 24. Nf3 Ne6 25. Qe2 Ng5 26. Nxg5+ Bxg5 27. d4 Qf6 28.
b3 Rxh3 29. Kxh3 Rh8+ 30. Kg2 f3+ 31. Qxf3 Rh2+ 32. Kxh2 Qxf3 33. Bxg5 Qxf2+
1/2-1/2

[Event "Open d'Avoine 2017"]
[Site "Avoine"]
[Date "2017.07.22"]
[Round "1.34"]
[White "Peeters, Florian"]
[Black "Najart, David"]
[Result "0-1"]
[WhiteElo "1965"]
[BlackElo "2193"]
[PlyCount "114"]
[EventDate "2017.??.??"]

1. d4 Nf6 2. Nf3 g6 3. c4 Bg7 4. Nc3 O-O 5. g3 d6 6. Bg2 Nc6 7. O-O Bf5 8. Ne1
Qd7 9. e4 Bh3 10. Nc2 a6 11. f3 Bxg2 12. Kxg2 Na5 13. Qe2 c5 14. dxc5 dxc5 15.
e5 Ne8 16. Nd5 Qe6 17. f4 f6 18. b3 Nc6 19. Bb2 Rd8 20. Rae1 fxe5 21. fxe5 Rxf1
22. Rxf1 Bh6 23. Qf3 Ng7 24. g4 Ne8 25. h3 Bg7 26. Re1 b5 27. Nf4 Qf7 28. e6
Rd2+ 29. Kg3 Qf8 30. Bxg7 Nxg7 31. Qxc6 Rxc2 32. Qe4 Rxa2 33. h4 Ne8 34. Re3
Nf6 35. Qd3 bxc4 36. Qxc4 Qa8 37. Ne2 Qh1 38. b4 Rb2 39. Qxc5 Qe1+ 40. Kf3 h5
41. Qxe7 hxg4+ 42. Kg2 Rxe2+ 43. Rxe2 Qxe2+ 44. Kg1 Qe3+ 45. Kf1 Qf3+ 46. Ke1
Nd5 47. Qd8+ Kg7 48. Qd7+ Kh6 49. Qd8 Qc3+ 50. Kd1 Ne3+ 51. Ke2 Nf5 52. Qf8+
Qg7 53. Qc8 g3 54. Kf3 Kh5 55. Qd8 Qc3+ 56. Kg2 Qc2+ 57. Kf3 Qf2+ 0-1

[Event "Open d'Avoine 2017"]
[Site "Avoine"]
[Date "2017.07.22"]
[Round "1.35"]
[White "Vallet, Marc"]
[Black "Retailleau, Elise"]
[Result "1/2-1/2"]
[WhiteElo "2190"]
[BlackElo "1965"]
[PlyCount "143"]
[EventDate "2017.??.??"]

1. e4 c5 2. Nf3 Nc6 3. Bb5 d6 4. O-O Bd7 5. Re1 a6 6. Bf1 Bg4 7. h3 Bh5 8. d3
Nf6 9. Nbd2 e6 10. g3 Be7 11. Bg2 O-O 12. g4 Bg6 13. Nf1 d5 14. e5 Nd7 15. Bf4
Qb6 16. Qc1 f6 17. exf6 Bxf6 18. Rb1 Rae8 19. Be3 e5 20. Ng5 e4 21. dxe4 h6 22.
exd5 Nb4 23. Ne6 Rf7 24. Re2 Nxa2 25. Qd1 Bxb2 26. c4 Nc3 27. Rbxb2 Qxb2 28.
Rxb2 Nxd1 29. Rxb7 Bd3 30. Nd2 Nxe3 31. fxe3 Ne5 32. Nxc5 Nxc4 33. Nxc4 Bxc4
34. d6 Rxb7 35. Nxb7 Bb5 36. Bf1 Bxf1 37. Kxf1 Rf8+ 38. Ke2 Kf7 39. Nc5 a5 40.
e4 Rc8 41. d7 Ra8 42. e5 Ke7 43. Kd3 a4 44. Kc2 a3 45. Kb1 Ra7 46. Ne6 Kxd7 47.
Nxg7 Ra6 48. e6+ Ke7 49. Ka2 Kf6 50. Nf5 h5 51. e7 Re6 52. Kxa3 hxg4 53. hxg4
Kg5 54. Kb4 Kxg4 55. Nd4 Rxe7 56. Kc4 Rd7 57. Nb3 Kf4 58. Nc5 Rd1 59. Nd3+ Ke3
60. Nc5 Rd4+ 61. Kc3 Rd8 62. Kc4 Rd1 63. Nb3 Ke4 64. Nc5+ Kf3 65. Nd3 Ke3 66.
Nc5 Rd4+ 67. Kc3 Rh4 68. Nb3 Rh6 69. Kc4 Ra6 70. Nc5 Rc6 71. Kd5 Rc8 72. Ne6
1/2-1/2

[Event "Open d'Avoine 2017"]
[Site "Avoine"]
[Date "2017.07.22"]
[Round "1.36"]
[White "Bourdeaud'Huy, Thomas"]
[Black "Mevel, Alberic"]
[Result "0-1"]
[WhiteElo "1964"]
[BlackElo "2189"]
[PlyCount "136"]
[EventDate "2017.??.??"]

1. d4 Nf6 2. Bf4 c5 3. c3 g6 4. e3 Bg7 5. Nf3 O-O 6. Nbd2 b6 7. Be2 Ba6 8. O-O
Qc8 9. h3 d6 10. Re1 Bxe2 11. Qxe2 Qa6 12. Qxa6 Nxa6 13. a4 Nc7 14. a5 Ne6 15.
axb6 axb6 16. Bg5 Nxg5 17. Nxg5 cxd4 18. exd4 Nd5 19. g3 b5 20. Ngf3 Rfc8 21.
Kf1 Kf8 22. Ke2 Ke8 23. Kd3 Nb6 24. Rxa8 Rxa8 25. Kc2 Nc4 26. Rb1 d5 27. Nb3
Ra2 28. Nc5 e6 29. Nd3 Bf8 30. Kb3 Ra8 31. Re1 Bd6 32. Re2 Ke7 33. Nfe1 Ra1 34.
Kc2 h6 35. Nc1 Kd7 36. Nb3 Ra8 37. Nd3 Ke7 38. Re1 h5 39. Ra1 Rxa1 40. Nxa1 f6
41. Nb3 e5 42. dxe5 fxe5 43. Nbc1 Kf6 44. Ne2 Kf5 45. f3 Kf6 46. Ndc1 Ne3+ 47.
Kd2 Nf5 48. Kd3 Bc5 49. Nb3 Bf2 50. g4 Nh4 51. Nd2 Be1 52. Ng1 Kg5 53. Ke2 Bxd2
54. Kxd2 Kf4 55. gxh5 gxh5 56. Ke2 Kg3 57. Ke3 Ng2+ 58. Ke2 Nf4+ 59. Ke3 Kg2
60. Ne2 Nxe2 61. Kxe2 Kxh3 62. f4 Kg4 63. fxe5 Kf5 64. Kf3 Kxe5 65. Ke3 h4 66.
Kf3 d4 67. cxd4+ Kxd4 68. Kg4 b4 0-1

[Event "Open d'Avoine 2017"]
[Site "Avoine"]
[Date "2017.07.22"]
[Round "1.37"]
[White "Cantin, Loic"]
[Black "Gely, Yann"]
[Result "1/2-1/2"]
[WhiteElo "2184"]
[BlackElo "1964"]
[PlyCount "148"]
[EventDate "2017.??.??"]

1. e4 c5 2. Nf3 g6 3. c3 Bg7 4. d4 cxd4 5. cxd4 d5 6. exd5 Nf6 7. Nc3 O-O 8.
Bc4 Nbd7 9. O-O Nb6 10. Bb3 Nbxd5 11. h3 b6 12. Re1 Bb7 13. Bg5 Rc8 14. Rc1
Nxc3 15. Rxc3 Rxc3 16. bxc3 Ne4 17. Qd3 Nxg5 18. Nxg5 e5 19. Nxf7 Rxf7 20. Qc4
Qf6 21. Qxf7+ Qxf7 22. Bxf7+ Kxf7 23. dxe5 Ke6 24. f4 Bh6 25. g3 Bf8 26. g4 Bd5
27. f5+ gxf5 28. gxf5+ Kf7 29. Kf2 Bc5+ 30. Kg3 a5 31. a4 Bc6 32. Kf4 h6 33.
Ra1 Be7 34. Ra2 Bg5+ 35. Kg4 Be3 36. h4 h5+ 37. Kg3 Ke7 38. Ra1 Bd2 39. f6+ Kf7
40. Rf1 Be8 41. Rf3 Be1+ 42. Kh3 Bd7+ 43. Kh2 Bxh4 44. Rd3 Be6 45. Kg2 Bg5 46.
Rd6 Bf4 47. Rxb6 Bxe5 48. Rb5 Bxc3 49. Rxh5 Kxf6 50. Kf3 Bb3 51. Ke4 Ke6 52.
Rh6+ Kd7 53. Rh3 Bc2+ 54. Kd5 Bb4 55. Rg3 Kc7 56. Rg7+ Kb6 57. Rg3 Bxa4 58. Kc4
Be8 59. Kb3 Bd6 60. Rg5 a4+ 61. Ka2 Bf7+ 62. Ka1 a3 63. Rf5 Be6 64. Rg5 Bf4 65.
Rh5 Bd2 66. Rh2 Bc3+ 67. Kb1 Kb5 68. Re2 Bc4 69. Rh2 Kb4 70. Rc2 Bd3 71. Ka2
Be5 72. Rb2+ Ka4 73. Rb4+ Ka5 74. Ra4+ Kxa4 1/2-1/2

[Event "Open d'Avoine 2017"]
[Site "Avoine"]
[Date "2017.07.22"]
[Round "1.38"]
[White "Deveque, Guillaume"]
[Black "Durand-Le Ludec, Brendan-Budok"]
[Result "1-0"]
[WhiteElo "1962"]
[BlackElo "2184"]
[PlyCount "175"]
[EventDate "2017.??.??"]

1. b4 d5 2. e3 Nf6 3. c4 dxc4 4. Bxc4 a6 5. Nf3 b5 6. Be2 e6 7. Bb2 Bb7 8. a4
Nbd7 9. axb5 axb5 10. Bxb5 Rxa1 11. Bxa1 c6 12. Be2 Bxb4 13. O-O c5 14. Nc3 O-O
15. Qb3 Qe7 16. Na2 Ba5 17. Qb2 Bd5 18. Nc3 Bc6 19. Rc1 Rb8 20. Qc2 Nd5 21.
Nxd5 Bxd5 22. e4 Bb3 23. Qb2 f5 24. Qa3 Bd8 25. Bb2 e5 26. h3 Bc7 27. Qa6 Bd6
28. Ba3 Be6 29. Bc4 Bxc4 30. Rxc4 Nb6 31. Rc1 Ra8 32. Qd3 Rd8 33. Qb3+ c4 34.
Qxb6 Bxa3 35. Rxc4 Bd6 36. Qb3 Kh8 37. Ne1 h6 38. Nc2 Qe6 39. Ne3 Rc8 40. Nd5
Rxc4 41. Qxc4 Qd7 42. Qa6 Bc5 43. Qe2 Qa7 44. Qf3 Qa1+ 45. Kh2 Qa7 46. Kg3 Qa3
47. d3 Qa6 48. h4 Kg8 49. Kh3 Qa7 50. Kg3 Qa6 51. h5 Kh8 52. Qe2 Kh7 53. Qc2
Qa7 54. f3 Kh8 55. Kh3 Qd7 56. Kh2 Qb5 57. Nc3 Qc6 58. Qb3 Bd4 59. Ne2 Be3 60.
Kh3 Qd7 61. g4 Qc7 62. Qb2 Kh7 63. Ng3 Qc1 64. Qxc1 Bxc1 65. Kg2 Kg8 66. Kf2
Kf7 67. Ke2 Bb2 68. Nxf5 Ba3 69. Kd2 Bb4+ 70. Kc2 Bc5 71. Kc3 Ba7 72. Kc4 Bg1
73. Kd5 Bf2 74. Kd6 Bg1 75. Kd7 Bc5 76. Nd6+ Kf8 77. Ke6 Bb4 78. Nf5 Bc5 79.
Nh4 Bb4 80. f4 exf4 81. Ng6+ Ke8 82. Nxf4 Bc3 83. Ne2 Bf6 84. d4 Be7 85. Nc3
Bd8 86. Nb5 Bg5 87. Nd6+ Kd8 88. Nf5 1-0

[Event "Open d'Avoine 2017"]
[Site "Avoine"]
[Date "2017.07.22"]
[Round "1.39"]
[White "Roussel, Glenn"]
[Black "Dessenne, Francois"]
[Result "1-0"]
[WhiteElo "2184"]
[BlackElo "1955"]
[PlyCount "61"]
[EventDate "2017.??.??"]

1. e4 c5 2. Nc3 Nc6 3. Bb5 Nd4 4. Bc4 b5 5. Nxb5 Nxb5 6. Bxb5 Bb7 7. f3 g6 8.
Ne2 Bg7 9. c3 Nf6 10. O-O O-O 11. d3 e6 12. Be3 Qc7 13. d4 d6 14. Qd2 Rab8 15.
Bd3 c4 16. Bc2 Ba6 17. Rab1 Qa5 18. a3 Rb7 19. g4 Rfb8 20. Qc1 Nd7 21. f4 f5
22. gxf5 gxf5 23. exf5 exf5 24. Ng3 Rb5 25. Kf2 Nf6 26. h3 Re8 27. Qd1 Rd5 28.
Rg1 Ne4+ 29. Bxe4 fxe4 30. Qg4 Bc8 31. Nf5 1-0

[Event "Open d'Avoine 2017"]
[Site "Avoine"]
[Date "2017.07.22"]
[Round "1.40"]
[White "Vekemans, Denis"]
[Black "Merenciano, Alexandre"]
[Result "0-1"]
[WhiteElo "1952"]
[BlackElo "2165"]
[PlyCount "70"]
[EventDate "2017.??.??"]

1. e4 c6 2. d4 d5 3. e5 c5 4. c3 Nc6 5. h3 Bf5 6. g4 Be4 7. f3 Bg6 8. h4 h5 9.
Bd3 Bxd3 10. Qxd3 e6 11. g5 Nge7 12. Ne2 Nf5 13. g6 fxg6 14. Bg5 Qb6 15. Nf4
Qxb2 16. Nxg6 Rg8 17. O-O cxd4 18. Nd2 Qxc3 19. Qb5 Qb4 20. Qd3 b6 21. Rfc1 Bc5
22. Rab1 Qa4 23. Nb3 Ba3 24. Rxc6 Qxc6 25. Na5 Qa4 26. Qa6 Kf7 27. Nf4 Rgb8 28.
Rb5 Bb4 29. Rxd5 Qd1+ 30. Kh2 exd5 31. Qb5 Rd8 32. Qxb4 Rac8 33. Nb7 Rc2+ 34.
Ng2 Rdc8 35. Qb5 Rxg2+ 0-1

[Event "Open d'Avoine 2017"]
[Site "Avoine"]
[Date "2017.07.22"]
[Round "1.41"]
[White "Caloone, Thomas"]
[Black "Perche, Louis"]
[Result "1-0"]
[WhiteElo "2162"]
[BlackElo "1951"]
[PlyCount "49"]
[EventDate "2017.??.??"]

1. e4 b6 2. d4 Bb7 3. Bd3 e6 4. Bf4 Nf6 5. Nd2 c5 6. Ngf3 Nc6 7. c3 Rc8 8. a3
Be7 9. O-O d6 10. b4 e5 11. Bg3 O-O 12. b5 Na5 13. dxe5 Ng4 14. exd6 Bxd6 15.
e5 Bxe5 16. Bf5 Bxc3 17. Bxg4 f5 18. Bh3 Bxa1 19. Qxa1 g5 20. Qe5 g4 21. Qe6+
Rf7 22. Ne5 Bd5 23. Qh6 gxh3 24. Nxf7 Bxf7 25. Be5 1-0

[Event "Open d'Avoine 2017"]
[Site "Avoine"]
[Date "2017.07.22"]
[Round "1.42"]
[White "Hubert, Raphael"]
[Black "Maloberti, David"]
[Result "0-1"]
[WhiteElo "1949"]
[BlackElo "2161"]
[PlyCount "96"]
[EventDate "2017.??.??"]

1. e4 (1. Nf3 d5 (1... Nf6 2. d4 (2. d3 d5 3. Bf4 $11 {-0.09/2}) 2... d5 3. Bf4
$11 {0.03/2}) (1... Nc6 2. d4 (2. e4 Nf6 3. Nc3 $11 {0.03/2}) 2... Nf6 3. d5
$11 {0.16/2}) 2. d4 (2. Nc3 Nf6 3. d3 $11 {-0.09/2}) 2... Nf6 3. Bf4 $11 {
0.03/2}) (1. d4 Nf6 (1... d5 2. Nf3 (2. e3 Nf6 3. Bb5+ $11 {0.00/2}) 2... Nf6
3. Bf4 $11 {0.03/2}) (1... Nc6 2. Nf3 (2. e4 Nf6 3. d5 $11 {0.06/2}) 2... Nf6
3. d5 $11 {0.16/2}) 2. Nf3 (2. e3 d5 3. Bb5+ $11 {0.00/2}) 2... d5 3. Bf4 $11 {
0.03/2}) (1. Nc3 Nc6 (1... Nf6 2. e4 (2. Nf3 d5 3. d3 $11 {-0.09/2}) 2... Nc6
3. Nf3 $11 {0.03/2}) (1... e5 2. Nf3 (2. e4 Nc6 3. Nf3 $11 {0.03/2}) 2... Nc6
3. d4 $11 {0.09/2}) 2. Nf3 (2. e4 Nf6 3. Nf3 $11 {0.03/2}) 2... Nf6 3. e4 $11 {
0.03/2}) (1. d3 d5 (1... e5 2. Nf3 (2. e4 Bb4+ 3. c3 $11 {-0.09/2}) 2... Nc6 3.
e4 $11 {-0.06/2}) (1... Nf6 2. e4 (2. Nf3 d5 3. Bf4 $11 {-0.09/2}) 2... d5 3.
exd5 $11 {0.06/2}) 2. Nf3 (2. e4 dxe4 3. dxe4 $11 {-0.22/2}) 2... Nf6 3. Bf4
$11 {-0.09/2}) 1... e6 2. Nf3 {0.41/10} d5 3. Nc3 d4 {0.00/11} 4. Ne2 c5 5. Ng3
{0.25/11} Nc6 6. d3 Nf6 {-0.16/10} 7. c3 Be7 8. Be2 O-O 9. O-O b5 10. Ne1 Qb6
11. a4 dxc3 {-0.19/12} 12. bxc3 b4 {-0.19/12} 13. Bb2 Ba6 14. Qc1 Rfd8 {
-0.59/10} 15. Kh1 bxc3 16. Bxc3 {-0.66/9} Nd4 17. Bxd4 {-0.47/10} cxd4 18. f4
Rac8 19. Qd1 {-0.69/11} Rc3 20. Nh5 Nxh5 {-1.22/11} 21. Bxh5 Qb3 {-1.28/11} 22.
Qg4 Bxd3 {-1.25/10} 23. Nxd3 Rxd3 {-1.22/12} 24. Rab1 Qc4 25. f5 exf5 {-1.59/10
} 26. exf5 Kf8 27. Qf4 Rb3 28. Rbe1 Qc5 29. Rc1 Rc3 30. Rb1 d3 31. Rb8 {
-1.31/10} Qc7 32. Rxd8+ {-1.25/12} Qxd8 33. Bd1 d2 34. Qe4 h6 35. h4 Kg8 36. h5
{-2.12/11} Bf6 37. Qe2 Qd4 38. Qg4 Qe3 39. Qe2 Qd4 40. Qg4 {0.00/15} Qd5 41.
Rf3 Rc4 42. Rf4 {-3.25/11} Rc1 43. Rb4 Qe5 {-10.22/12} 44. Re4 Rxd1+ {-11.22/14
} 45. Qxd1 Qxe4 {-12.16/15} 46. Qxd2 Qb1+ 47. Kh2 {-5.31/12} Be5+ 48. Kh3 Qxf5+
0-1

[Event "Open d'Avoine 2017"]
[Site "Avoine"]
[Date "2017.07.22"]
[Round "1.43"]
[White "De Lussac, Rainier"]
[Black "Dreux, Vincent"]
[Result "1/2-1/2"]
[WhiteElo "2149"]
[BlackElo "1947"]
[PlyCount "72"]
[EventDate "2017.??.??"]

1. d4 d5 2. c4 c6 3. Nf3 Nf6 4. Qc2 e6 5. Bg5 Be7 6. e3 O-O 7. Bd3 Nbd7 8. Nbd2
h6 9. Bh4 dxc4 10. Nxc4 c5 11. O-O b5 12. Nce5 g5 13. Nc6 Qe8 14. Bg3 c4 15.
Be4 Nxe4 16. Qxe4 Nb6 17. Nfe5 Bb7 18. Nxe7+ Qxe7 19. Qg4 Nd7 20. h4 f5 21. Qh5
Nxe5 22. Bxe5 Kh7 23. hxg5 Qxg5 24. Qxg5 hxg5 25. f3 Kg6 26. a4 a6 27. Kf2 Rf7
28. axb5 axb5 29. Rxa8 Bxa8 30. Ra1 Bd5 31. Ke2 g4 32. Bd6 Rb7 33. Bb4 Rh7 34.
Bd6 Rb7 35. Bb4 Rh7 36. Bd6 Rb7 1/2-1/2

[Event "Open d'Avoine 2017"]
[Site "Avoine"]
[Date "2017.07.22"]
[Round "1.44"]
[White "Marazanof, Jean-Francois"]
[Black "Degardin, Sylvain"]
[Result "1/2-1/2"]
[WhiteElo "1942"]
[BlackElo "2149"]
[PlyCount "143"]
[EventDate "2017.??.??"]

1. e4 c5 2. Nc3 d6 3. Nf3 a6 4. d4 cxd4 5. Nxd4 Nf6 6. Be2 e5 7. Nb3 Be7 8. O-O
O-O 9. a4 b6 10. Be3 Bb7 11. f3 Nbd7 12. Qd2 Rc8 13. Rfd1 Qc7 14. Bf1 g6 15.
Rac1 Rfe8 16. Qf2 Bf8 17. Nd2 Nc5 18. Nc4 Nfd7 19. b4 Ne6 20. Nd5 Bxd5 21. exd5
Nd4 22. Rxd4 exd4 23. Bxd4 Qb7 24. Nxb6 Nxb6 25. Bxb6 Bh6 26. Rd1 Rb8 27. a5
Qc8 28. Kh1 Qc3 29. Bxa6 Qxb4 30. Bd3 Re5 31. g4 Rxd5 32. Re1 Bd2 33. Re4 Qb1+
34. Kg2 Bxa5 35. Bd4 Qc1 36. Bc4 Rxd4 37. Rxd4 Bb6 38. Qd2 Qxd2+ 39. Rxd2 Bc5
40. Re2 Rb7 41. h4 Kf8 42. Bb3 Ra7 43. h5 gxh5 44. gxh5 Kg7 45. Kg3 Kf6 46. Bd5
Ra1 47. Re4 Rg1+ 48. Kh2 Rg5 49. c4 Rxh5+ 50. Kg3 Rf5 51. Rg4 h5 52. Rg8 Be3
53. Kh3 Bf4 54. Re8 Be5 55. Rg8 Rf4 56. Be4 Ke7 57. Rg5 h4 58. Rf5 Rxf5 59.
Bxf5 Bg3 60. Kg4 Kf6 61. Bd7 Ke5 62. Bc6 Kd4 63. Bd5 f6 64. Kh3 Ke3 65. Kg2 Be1
66. Kh3 f5 67. Be6 Kd4 68. Bd5 Ke5 69. Bc6 Kf4 70. Bd5 Ke5 71. Bc6 Kf4 72. Bd5
1/2-1/2

[Event "Open d'Avoine 2017"]
[Site "Avoine"]
[Date "2017.07.22"]
[Round "1.45"]
[White "Herdier, Goulwenn"]
[Black "Dalaud, Dorian"]
[Result "1/2-1/2"]
[WhiteElo "2149"]
[BlackElo "1937"]
[PlyCount "97"]
[EventDate "2017.??.??"]

1. e4 c5 2. Nf3 d6 3. d4 cxd4 4. Nxd4 Nf6 5. Nc3 a6 6. f3 e5 7. Nb3 Be6 8. Be3
h5 9. Qd2 Nbd7 10. Qf2 Rc8 11. Bd3 g6 12. O-O Bg7 13. Rfd1 O-O 14. Bf1 Ne8 15.
Rac1 f5 16. exf5 gxf5 17. Qd2 Nb6 18. Kh1 Nc4 19. Bxc4 Rxc4 20. Nd5 f4 21. Bb6
Qg5 22. Na5 Rc6 23. Nxc6 bxc6 24. Nb4 Bd7 25. c4 a5 26. Na6 e4 27. fxe4 Bg4 28.
Rf1 Be5 29. Bd4 Bxd4 30. Qxd4 f3 31. g3 f2 32. h4 Qh6 33. Rc2 Bf3+ 34. Kh2 Nf6
35. Rcxf2 Ng4+ 36. Kg1 Nxf2 37. Qxf2 Bxe4 38. Qxf8+ Qxf8 39. Rxf8+ Kxf8 40. c5
d5 41. Kf2 d4 42. Nc7 Ke7 43. Na8 Bd5 44. a3 Ke6 45. Nb6 Bb3 46. Ke2 Ke5 47.
Nd7+ Ke6 48. Nb6 Ke5 49. Nd7+ 1/2-1/2

[Event "Open d'Avoine 2017"]
[Site "Avoine"]
[Date "2017.07.22"]
[Round "1.46"]
[White "Francois, Adrien"]
[Black "Viers, Emmanuel"]
[Result "1-0"]
[WhiteElo "1935"]
[BlackElo "2149"]
[PlyCount "149"]
[EventDate "2017.??.??"]

1. e4 c5 2. Nf3 Nc6 3. Bb5 g6 4. Bxc6 dxc6 5. O-O Bg7 6. h3 Nf6 7. Qe2 O-O 8.
d3 Qc7 9. Nc3 b6 10. Nh2 Nh5 11. Be3 Rd8 12. Rad1 e5 13. Qf3 Nf4 14. Ne2 Ne6
15. Ng4 Qe7 16. Nh6+ Bxh6 17. Bxh6 g5 18. h4 f6 19. hxg5 fxg5 20. g3 Qf7 21.
Qxf7+ Kxf7 22. f4 gxf4 23. gxf4 Rg8+ 24. Kh2 Rg6 25. fxe5+ Ke7 26. Be3 Ng5 27.
Rf6 Nf7 28. Rxg6 hxg6 29. Bf4 g5 30. Bg3 Bg4 31. Re1 Ke6 32. Ng1 Nxe5 33. Bxe5
Kxe5 34. Kg3 Be6 35. Nf3+ Kd6 36. Nxg5 Rg8 37. Kf4 Rf8+ 38. Ke3 Bd7 39. Rh1 Rg8
40. Rh6+ Kc7 41. Nf3 Rg2 42. Rh2 Rg7 43. Kf2 Rf7 44. Rg2 a5 45. Ke3 Rh7 46. Rg6
Be8 47. Rg5 Bf7 48. b3 Be6 49. Rg6 Bf7 50. Rf6 Be8 51. Rf8 Kd7 52. Rg8 Ke7 53.
a4 Kf7 54. Rg1 Ke7 55. e5 Bf7 56. Ng5 Rg7 57. Kf4 Bd5 58. Rg4 Rg8 59. Nh7 Rxg4+
60. Kxg4 Bg2 61. Ng5 b5 62. Kg3 Bd5 63. c4 Bh1 64. Kh2 Bd5 65. cxd5 cxd5 66.
axb5 c4 67. b6 c3 68. b7 c2 69. b8=Q c1=Q 70. Qd6+ Ke8 71. Qe6+ Kd8 72. Qxd5+
Ke8 73. Qe6+ Kd8 74. Nf7+ Kc7 75. Qc4+ 1-0

[Event "Open d'Avoine 2017"]
[Site "Avoine"]
[Date "2017.07.22"]
[Round "1.47"]
[White "Marimoutou, Loic"]
[Black "Yche, Michel"]
[Result "1-0"]
[WhiteElo "2143"]
[BlackElo "1934"]
[PlyCount "87"]
[EventDate "2017.??.??"]

1. e4 e6 2. d4 d5 3. e5 c5 4. c3 Nc6 5. Nf3 Qb6 6. Bd3 Bd7 7. O-O cxd4 8. cxd4
Nxd4 9. Nxd4 Qxd4 10. Nc3 Qb6 11. Kh1 g6 12. Qe2 a6 13. f4 h5 14. Be3 Bc5 15.
Bxc5 Qxc5 16. Rac1 Qb6 17. f5 gxf5 18. Bxf5 Ne7 19. Bd3 Nc6 20. Na4 Qd4 21. Nc5
Nxe5 22. Nb3 Qxd3 23. Qxe5 Rg8 24. Qxh5 Qg6 25. Qf3 Rc8 26. Rxc8+ Bxc8 27. Nc5
Rg7 28. h3 Qc2 29. Nd3 Bd7 30. Rf2 Qc7 31. Nf4 Bc6 32. Nxe6 Qe5 33. Nxg7+ Qxg7
34. Re2+ Kf8 35. Qa3+ Kg8 36. Re3 Qh6 37. Rg3+ Kh8 38. Qe7 Qg6 39. Rxg6 fxg6
40. h4 Kg8 41. Kg1 Kh8 42. g4 Kg8 43. h5 gxh5 44. gxh5 1-0

[Event "Open d'Avoine 2017"]
[Site "Avoine"]
[Date "2017.07.22"]
[Round "1.48"]
[White "Primel, Dominique"]
[Black "Midy, Robin"]
[Result "0-1"]
[WhiteElo "1933"]
[BlackElo "2143"]
[PlyCount "98"]
[EventDate "2017.??.??"]

1. Nf3 c5 2. c4 g6 3. d4 cxd4 4. Nxd4 Nc6 5. e4 Nf6 6. Nc3 d6 7. Be2 Nxd4 8.
Qxd4 Bg7 9. Be3 O-O 10. Qd2 a5 11. f3 a4 12. O-O Qa5 13. Rac1 Be6 14. Rc2 Rfc8
15. Rfc1 Bd7 16. Kh1 b6 17. Qe1 Bc6 18. Qh4 Re8 19. Nb5 Rac8 20. Bd2 Qa8 21.
Nc3 Nd7 22. Nd5 Bxd5 23. cxd5 Rxc2 24. Rxc2 Rc8 25. Rxc8+ Qxc8 26. Bb5 Qc2 27.
Qe1 Nc5 28. b4 axb3 29. axb3 Qxb3 30. Bc6 Nd3 31. Qf1 Bd4 32. h3 Qc2 33. Bh6
Be5 34. f4 Bg7 35. Bxg7 Kxg7 36. Qa1+ Qb2 37. Qxb2+ Nxb2 38. e5 Nd3 39. exd6
exd6 40. g3 Nb4 41. Kg2 Kf6 42. Kf3 Nxc6 43. dxc6 Ke7 44. Ke4 Kd8 45. Kd5 Kc7
46. g4 b5 47. h4 b4 48. Kc4 Kxc6 49. Kxb4 Kd5 0-1

[Event "Open d'Avoine 2017"]
[Site "Avoine"]
[Date "2017.07.22"]
[Round "1.49"]
[White "Rodriguez Rodriguez, Antonio"]
[Black "Neau, Julien"]
[Result "0-1"]
[WhiteElo "2142"]
[BlackElo "1930"]
[PlyCount "60"]
[EventDate "2017.??.??"]

1. d4 Nf6 2. Bg5 c5 3. Nc3 cxd4 4. Qxd4 Nc6 5. Qh4 e6 6. e4 Be7 7. O-O-O O-O 8.
f4 h6 9. Bxh6 gxh6 10. Qxh6 Ng4 11. Qh3 f5 12. Nf3 Qb6 13. exf5 Qe3+ 14. Kb1
Qxf4 15. Ne2 Qxf5 16. Ned4 Qg6 17. Qg3 Qg7 18. Qe1 Nxd4 19. Rxd4 Bf6 20. Ra4 b5
21. Rb4 a5 22. Rxb5 Ba6 23. Rb3 a4 24. Rb4 Bxf1 25. Rxf1 a3 26. bxa3 Bc3 27.
Qe4 Bxb4 28. axb4 Nf6 29. Qd3 Nd5 30. c3 Nxc3+ 0-1

[Event "Open d'Avoine 2017"]
[Site "Avoine"]
[Date "2017.07.22"]
[Round "1.50"]
[White "Radovanovic, Luka"]
[Black "Tomasi, Albert"]
[Result "0-1"]
[WhiteElo "1928"]
[BlackElo "2141"]
[PlyCount "60"]
[EventDate "2017.??.??"]

1. Nf3 Nf6 2. c4 c5 3. g3 g6 4. Bg2 Bg7 5. O-O O-O 6. d4 cxd4 7. Nxd4 Nc6 8.
Nc3 d6 9. Qd2 Bd7 10. Nc2 Qa5 11. b3 Rfc8 12. Bb2 a6 13. e4 b5 14. Ne3 Ne5 15.
f4 Neg4 16. e5 Nxe3 17. Qxe3 Ng4 18. Qe2 bxc4 19. Bxa8 Rxa8 20. Na4 dxe5 21.
fxe5 Be6 22. Bd4 Nxe5 23. Qf2 Nf3+ 24. Qxf3 Bxd4+ 25. Rf2 Bd5 26. Qd1 Bxa1 27.
Qxa1 cxb3 28. Qe5 Rc8 29. Qf4 bxa2 30. Rf1 Bc4 0-1